Quizzes
Events
Quiz Creation
Community
Videos
Private Events
Remove Ads
Sign In
Join for FREE
Feedback
Dark Mode
Quiz Categories
Sports
Geography
Music
Movies
Television
Just For Fun
Miscellaneous
History
Literature
Language
Science
Gaming
Entertainment
Religion
Holiday
For Kids
Quiz Lab
Recent
Popular Today
Quiz Kudos Today
Editor Picks
Curator Picks
Quizzes by...
Day
Popularity
Type
Ratings
Length
Year
Community
Subscriptions
Recent Discussions
Orange Saloon
Badges
Playlists
Quests
Create
Leaderboards
Showdown
Live 5
Trivia Bingo
Activity
Puzzle Library
Sporcle Events
Private Events
Virtual Trivia
Globe League
Become a Host
Pub Owners
SporcleCon
Opinionation
Our Games
Videos
Blog
Mobile Apps
Partnerships
Remove Ads and Go Orange
Feedback
Geography
Country
Landmarks
City
State
Population
World
Capital
Continent
Flags
Europe
Africa
Asia
South America
North America
Oceania
Border
Canada
United Kingdom
Topography
United States
Geography
Country
Landmarks
City
State
Population
World
Capital
Continent
Flags
Europe
Africa
Asia
South America
North America
Oceania
Border
Canada
United Kingdom
Topography
United States
Random Quiz
Search Sporcle
×
Quiz Lab
Quiz Lab
Geography
State
Type in answers that appear in a list
Type in answers that appear in a list
Classic
Best Score? Go Orange.
Busiest airport in each US state Stats
Can you name the Busiest airport in each US state?
By
jbarrett107108
10m
50 Questions
229 Plays
229 Plays
229 Plays
Comments
Comments
Give Quiz Kudos
Give Quiz Kudos
-
- Ratings
hide this ad
Replay
Link that replays current quiz
Next Quiz
Link to next quiz in quiz playlist
You Got
0%
They Got
Avg Score
86%
Avg Friend Score
Upgrade to see
Score Distribution
Jump to the score distribution portion of the page
Score
0/50
Timer
10:00
0
Plays Today
Hint
Answer
% Correct
California
Los Angeles
99.6%
Illinois
Chicago
98.3%
Georgia
Atlanta
97.8%
Colorado
Denver
96.1%
Florida
orlando
96.1%
New york
JFK
96.1%
Texas
Dallas
96.1%
Massachusetts
Boston
95.6%
Arizona
Phoenix
95.2%
Hawaii
Honolulu
95.2%
Nevada
Las Vegas
95.2%
Michigan
Detroit
94.8%
Indiana
Indianapolis
94.3%
Alaska
Anchorage
93.9%
Washington
Seattle
93.4%
Maryland
Baltimore
93%
New Jersey
Newark
93%
Louisiana
New Orleans
92.6%
Pennsylvania
Philadelphia
92.6%
Utah
Salt Lake City
92.6%
Oregon
Portland
91.7%
Minnesota
Minneapolis
91.3%
Ohio
Cleveland
89.5%
Tennessee
Memphis
89.5%
Missouri
St. Louis
89.1%
Hint
Answer
% Correct
North Carolina
Charlotte
89.1%
Arkansas
Little Rock
87.8%
Idaho
Boise
87.8%
Oklahoma
Oklahoma city
87.8%
Iowa
Des Moines
86.5%
Virginia
Washington Dulles
86%
Wisconsin
Milwaukee
86%
New Mexico
Albuquerque
85.6%
Alabama
Birmingham
85.2%
Connecticut
Hartford
84.7%
Rhode Island
Providence
83.4%
Maine
Portland
82.5%
Nebraska
Omaha
82.5%
South Carolina
Charleston
81.2%
Mississippi
Jackson
79%
West Virginia
Charleston
78.6%
Wyoming
Jackson Hole
76.9%
North Dakota
Fargo
75.5%
Kansas
Wichita
74.7%
Kentucky
Cincinnati
74.2%
New Hampshire
Manchester
74.2%
Vermont
Burlington
72.1%
South Dakota
Sioux Falls
68.6%
Delaware
Wilmington
64.2%
Montana
Bozeman
52.4%
Quiz Playlist
Details
Report
Send in Message
Add To Playlist
Classic:
Type in answers that appear in a list
Last Updated: Feb 16, 2017
Quiz Scoreboard
CHALLENGE
Sign Up to Join the Scoreboard
Show All
Scores
Hide
Comments
May contain spoilers
Recently Published
Billboard Blitz: Fleetwood Mac
by CooCooCachoo
Music
15s
Presidents Visiting Landmarks
by Hejman
History
7m
An Introduction to Baseball
by treessimontrees
Sports
5m
More to Explore
Quiz From the Vault
Featured Blog Post
Where Did the Easter Bunny Come From?
hide this ad
You Might Also Like...
Tags
State Quiz
airport
Air Transport
Aviation
transport
transportation
Today's Top Quizzes in Geography
Browse Geography
hide this ad
Today's Top Quizzes in State
Browse State
Top Contributed Quizzes in Geography
1
Countries of the World - No Outlines Minefield
2
Top 25 Cities of France on a map
3
Any capital of a 'B' country per Continent
4
Any capital of a 'C' country per Continent
5
Closest Countries to UK A-Z
6
Any capital of a 'D' country per Continent
7
5-to-1: US Geography No Hints
8
One Thing in Common: United Kingdom
9
Any capital of an 'E' country per Continent
10
Any capital of an 'F' country per Continent
Explore More
Trending Topics
Crossword
Kpop
NBA
Anime
Disney
Marvel
Harry Potter
Country
Song
Pokémon
Puzzle
WWE
The Office
Soccer
NFL
hide this ad
More By:
jbarrett107108
Quiz
Plays
Rating
Category
Featured
Created
Decode this Aviation Routine Weather Report (METAR)
9,261
5.00
Miscellaneous
Feb 22, 2017
Name all 32 NCAA D1 Basketball Conferences
486
5.00
Sports
Feb 24, 2017
The 32 Oldest On-Campus College Football Stadiums
248
4.50
Miscellaneous
Feb 9, 2017
Top 25 Busiest airport in the USA
244
Miscellaneous
Feb 2, 2017
Busiest airport in each US state
229
3.86
Geography
Feb 9, 2017
Go to Creator's Profile
Score Distribution
Quiz Creator Spotlight
jbarrett107108
Follow
Send a Message
Quizzes Created
-
Created Quiz Play Count
-
More By This Creator
Popular Quizzes Today
1
Find the US States - No Outlines Minefield
2
Find the Countries of Europe - No Outlines Minefield
3
The Countries of the World
4
Find the US States
5
US States
6
Popular People in 1961
7
Risky Map Clicking: Biggest States A-Z
8
Movies - When Are They Set?
More Geography Quizzes
Scottish & Welsh Cities
Quiz Lab
Trending Quizzes
Risky Map Clicking: Least Populous States A-Z
1-10 Letter G Words
1-10 Letter F Words
Risky Map Clicking: Next State Alphabetically
Risky Map Clicking: Biggest States A-Z
Recently Updated
Leaping Animals
pecheneg
Reality TV Shows (A-Z)
bhenderson79
Rickey Henderson's Hall of Fame Teammates
pecheneg
Champions League XIs: Arsenal
pecheneg
Quick Pick: Celebrities in WWE's Hall of Fame
aduchscher
A-Z Keypad Blitz II
pecheneg
Multiple Oscar Actors
pecheneg
Mystery Phrase Blitz: Oscar 'Best Actors'
pecheneg
F. Scott Fitzgerald Novels
LTH
Pick 3 Villains
ddd62291
Trending Topics
Disney
Kpop
Crossword
Marvel
NBA
Harry Potter
Anime
Pokémon
NFL
Soccer
WWE
Country
Puzzle
The Office
Song
Your Account Isn't Verified!
In order to create a playlist on Sporcle, you need to verify the email address you used during registration. Go to your
Sporcle Settings
to finish the process.
Report this User
Report this user for behavior that violates our
Community Guidelines
.
Details:
Send Report
Go to the Sporcle.com Mobile Site →
Comments